|
|
|
|
| LEADER |
00937nam a2200241 a 4500 |
| 001 |
4035642 |
| 008 |
091112s1999 nyua 000 0 eng d |
| 010 |
|
|
|a 98044110
|
| 020 |
|
|
|a 0521650127
|
| 040 |
|
|
|a DLC
|c DLC
|d DLC
|d BD-DhAAL
|
| 082 |
0 |
0 |
|a 338.0954
|2 21
|
| 100 |
1 |
|
|a Roy, Tirthankar.
|
| 245 |
1 |
0 |
|a Traditional industry in the economy of colonial India /
|c Tirthankar Roy.
|
| 260 |
|
|
|a New York :
|b Cambridge University Press,
|c 1999.
|
| 300 |
|
|
|a xi, 252 p. :
|b ill., maps ;
|c 24 cm.
|
| 490 |
0 |
|
|a Cambridge studies in Indian history and society ;
|v 5
|
| 504 |
|
|
|a Includes bibliographical references and index.
|
| 541 |
1 |
|
|e 00011031
|
| 650 |
|
0 |
|a Industries
|z India.
|
| 650 |
|
0 |
|a Industrial policy
|z India.
|
| 852 |
4 |
|
|a Ayesha Abed Library
|j General Shelf
|
| 999 |
|
|
|c 10752
|d 10752
|
| 952 |
|
|
|0 0
|1 0
|4 0
|6 338_095400000000000_ROY
|7 0
|9 16170
|a BRACUL
|b BRACUL
|c GEN
|d 2011-04-21
|l 0
|o 338.0954 ROY
|p 3010011031
|r 2011-04-21
|t 1
|w 2011-04-21
|y BK
|x Available
|